| 000 | 00438cam a2200181ua 4500 | ||
|---|---|---|---|
| 001 | 10579 | ||
| 005 | 20260515114634.0 | ||
| 008 | 190319n ii |||gr||||Z||||||eng | ||
| 020 | _a8122900070 | ||
| 040 | _cMAIN | ||
| 082 | _a351 | ||
| 100 |
_aHans Raj, _eAuthor. |
||
| 245 | _aPrinciples of public administration | ||
| 260 |
_aDelhi: _bSurjeet publications, _c2016. |
||
| 300 | _a411p. | ||
| 653 | _aPublic administration | ||
| 942 | _cBK | ||
| 999 |
_c9542 _d9542 |
||